000 00733nam a22002177a 4500
003 UA-OsUOA
001 128557
007 ta
008 20180117b un ||||| |||| 00| 0 ukr d
100 _aРассамакін Ю. Я.
090 _a902
_bР24
942 _cSA
040 _aUA-OsUOA
_bfre
_cUA-OsUOA
_dUA-OsUOA
245 _aМогильники Ігрень (Огрінь) 8 та Олександрія доби енеоліту: проблеми датування та культурної приналежності
300 _aС.26-49
955 _a0
041 _afre
080 _a902
773 0 _w128555
_tАрхеологія
_dК.
_d2017
_g4
650 7 _a9 Географія. Біографії. Історія
_2UDC
999 _c416110
_d416110